000
00192nam a2200085Ia 4500
008
120527s9999 xx 000 0 und d
100
_a
Brink, john
245
_a
Exploring Psychology
942
_c
BK
999
_c
27536
_d
27536